Acidification of freshwaters /

Bibliographic Details
Main Author: Cresser, Malcolm S.
Other Authors: Edwards, Anthony
Format: Book
Language:English
Published: Cambridge [Cambridgeshire] ; New York : Cambridge University Press, 1987.
Series:Cambridge environmental chemistry series.
Subjects:

MARC

Tag First Indicator Second Indicator Subfields
LEADER 00000cam a2200000 a 4500
001 in00000024022
005 20151007055619.0
008 861014s1987 enka b 00110 eng
010 |a  86026907  
020 |a 0521322707 
035 |a (OCoLC)14588642 
035 |9 AAB8722AM 
040 |a DLC  |c DLC  |d OCL  |d TXA  |d UtOrBLW 
049 |a TXAM  |c [A11090073] 
050 0 0 |a TD425  |b .C66 1987 
070 0 |a TD425.C665 
082 0 |a 628.1/68  |2 19 
100 1 |a Cresser, Malcolm S. 
245 1 0 |a Acidification of freshwaters /  |c Malcolm Cresser, Anthony Edwards. 
264 1 |a Cambridge [Cambridgeshire] ;  |a New York :  |b Cambridge University Press,  |c 1987. 
300 |a viii, 136 pages :  |b illustrations ;  |c 26 cm. 
336 |a text  |b txt  |2 rdacontent 
337 |a unmediated  |b n  |2 rdamedia 
338 |a volume  |b nc  |2 rdacarrier 
490 1 |a Cambridge environmental chemistry series 
504 |a Includes bibliographies and index. 
650 0 |a Acid pollution of rivers, lakes, etc. 
700 1 |a Edwards, Anthony. 
830 0 |a Cambridge environmental chemistry series. 
999 |a MARS 
999 f f |s 38ad6028-97bd-3186-bbf7-a97a2517c249  |i 24fb0bd8-a30a-38d5-8925-026a0a51cfee  |t 0 
952 f f |p ric  |a Texas A&M University  |b Rellis Campus  |c Joint Library Facility  |d Remote Storage  |t 0  |e TD425 .C66 1987  |h Library of Congress classification  |i unmediated -- volume  |m A14811090073 
998 f f |a TD425 .C66 1987  |t 0  |l Remote Storage